Statistics for Metallica Greatest Hits

Click here to take the quiz!

General Stats

  • This quiz has been taken 53 times
  • The average score is 20 of 32

Answer Stats

HintAnswer% Correct
1986Master of Puppets
93%
1991Enter Sandman
91%
1988One
91%
1984For Whom The Bell Tolls
84%
1991Nothing Else Matters
82%
1984Ride the Lightning
80%
1983Seek & Destroy
80%
1984Fade to Black
75%
1997Fuel
75%
1991Sad But True
73%
1991The Unforgiven
73%
1986Battery
70%
1988Blackened
70%
1984Creeping Death
68%
1983The Four Horsemen
68%
1986Welcome Home (Sanitarium)
66%
1988...And Justice For All
64%
1984Fight Fire With Fire
64%
1991Wherever I May Roam
61%
1988Harvester of Sorrow
59%
2003St, Anger
59%
2016Hardwired
57%
1997The Unforgiven II
57%
2008The Day That Never Comes
50%
2016Atlas, Rise!
48%
2016Moth Into Flame
41%
2016Spit Out the Bone
41%
2008The Unforgiven III
41%
1998Whiskey In the Jar
34%
1984Am I Evil?
30%
2016Now That We're Dead
30%
1998Turn the Page
27%

Score Distribution

Percentile by Number Answered

Percent of People with Each Score

Your Score History

You have not taken this quiz